000 00841nmm a2200253 a 4500
001 ocm000701742
003 TR-IsHL
005 20201028125403.0
008 110704s1987 tu tur
007 cr cn
035 _a701742
_b(N$T)
050 0 4 _aHF328.T9
_bİ88 1987
090 0 4 _aHF328.T9
_bİ88 1987
245 1 0 _aİstanbul Ticaret Odası 1987
_h[electronic resource]
250 _a1 bs.
260 _aİstanbul :
_bİstanbul Ticaret Odası,
_c1987
300 _a48 p.
650 4 _aEkonomi ve Finans
650 4 _aEconomics and Finance
650 0 _aİstanbul Ticaret Odası
_x Tarihi
650 0 _aIstanbul Chamber of Commerce
_x History
650 7 _aBUSINESS & ECONOMICS / Corporate & Business History
_2bisacsh
856 4 0 _uhttp://search.ebscohost.com/login.aspx?direct=true&scope=site&db=e011xww&AN=701742
999 _c3454
_d3454